000 01013nam a2200241 i 4500
001 190312
003 SpMaBN
005 20240410100924.0
008 201104s1975 sp |||| | spa d
080 _a37(460)"19"(043)
100 1 _aGonzález Rodríguez, Encarnación.
_9170677
245 1 0 _aEducación y sociedad en la España de Alfonso XIII /
_cEncarnación González Rodríguez.
260 _aBarcelona :
_bUniversidad de Barcelona, [Facultad de Filosofía y Letras],
_c1975.
300 _a10 p. ;
_c24 cm.
502 _aTesis-Univ. Barcelona (Extracto)
594 _aPrecede al tít.: Universidad de Barcelona. Secretariado de Publicaciones, Intercambio Científico y Extensión Universitaria.
650 7 _aEnseñanza-
_zEspaña-
_yS.XX
_9139558
655 _aTesis y escritos académicos
_9226867
710 2 _aUniversidad de Barcelona.
_bFacultad de Filosofía y Letras.
_97149
852 4 _aES-MaACL
_jP-1415 (76)
_9197520
_bR.68610
_cDEPO2
942 _2udc
999 _c190312
_d190312